000 00314nam a2200109Ia 4500
008 151001s9999||||xx |||||||||||||| ||und||
100 _aparsons Anthony
245 _aLiving in fear
260 _bThe amalgated Press
300 _a64
365 _b7
999 _c949952
_d949949